000 00581nam a22002417a 4500
003 UA-OsUOA
001 26472
007 ta
008 20040603b un ||||| |||| 00| 0 ukr d
100 _aРощин А.Н.
090 _a528
_bР81
942 _cBK
040 _aUA-OsUOA
_brus
_cUA-OsUOA
_dUA-OsUOA
245 _aЗанимательная геодезия
300 _a237 с.
_bІлюстрації
955 _a0
041 _arus
080 _a528
260 _aКиїв
_bРадянська школа
_c1989
044 _aRU
650 7 _2UDC
999 _c312797
_d312797